003970000a220010900045001000025000002450079000253000052001047730016001569420008001729520090001809990017002701 aBoudreaux, Donald J.10aRussell D. Shannon : In memoriam. A tribute to a gifted writer and teacher aVol. 47, Num 3 (Marzo, 1997), Páginas 173-1740 tThe Freeman cANA 001040708HEMaFUSBCbFUSBCd2016-01-26l0o r2016-01-26 00:00:00w2016-01-26yANA c56666d56666